MARC details
| 000 -CABECERA |
| campo de control de longitud fija |
01116nam a2200229 a 4500 |
| 001 - NÚMERO DE CONTROL |
| campo de control |
000044927 |
| 005 - FECHA Y HORA DE LA ÚLTIMA TRANSACCIÓN |
| campo de control |
20201002045734.0 |
| 008 - DATOS DE LONGITUD FIJA--INFORMACIÓN GENERAL |
| campo de control de longitud fija |
150119s2014 dr abc 000 i spa d |
| 020 ## - NÚMERO INTERNACIONAL ESTÁNDAR DEL LIBRO |
| Número Internacional Estándar del Libro |
9789945456035 |
| 040 ## - FUENTE DE LA CATALOGACIÓN |
| Centro catalogador/agencia de origen |
DO-SdBNP |
| Lengua de catalogación |
spa |
| Centro/agencia transcriptor |
BNPHU |
| 082 ## - NÚMERO DE LA CLASIFICACIÓN DECIMAL DEWEY |
| Número de clasificación |
xxxx |
| Número de documento/Ítem |
T231m |
| 100 1# - ENTRADA PRINCIPAL--NOMBRE DE PERSONA |
| Nombre de persona |
Tavárez Mirabal, Minou, |
| Fechas asociadas al nombre |
1956- |
| 9 (RLIN) |
72947 |
| 245 10 - MENCIÓN DE TÍTULO |
| Título |
Mañana te escribiré otra vez : |
| Resto del título |
Minerva y Manolo. Cartas / |
| Mención de responsabilidad, etc. |
Minou Tavárez Mirabal; presentación Michelle Bachelet Jeria. |
| 260 ## - PUBLICACIÓN, DISTRIBUCIÓN, ETC. |
| Lugar de publicación, distribución, etc. |
Santo Domingo : |
| Nombre del editor, distribuidor, etc. |
Aguilar, |
| -- |
Fundación Hermanas Mirabal, |
| Fecha de publicación, distribución, etc. |
2014. |
| 300 ## - DESCRIPCIÓN FÍSICA |
| Extensión |
303 p. : |
| Otras características físicas |
il., mapas, retrs. ; |
| Dimensiones |
23 cm. |
| 500 ## - NOTA GENERAL |
| Nota general |
Incluye datos biográficos de de la autora en las solapas |
| 500 ## - NOTA GENERAL |
| Nota general |
Incluye índice de fotos y foto-collages. |
| 500 ## - NOTA GENERAL |
| Nota general |
Incluye referencias bibliográficas y notas al pie de las páginas. |
| 505 0# - NOTA DE CONTENIDO CON FORMATO |
| Título |
Novios -- |
| Información miscelánea |
Agosto 1954 - Octubre 1955 -- |
| Título |
Esposos -- |
| Información miscelánea |
1956-1958 -- |
| Título |
En la cárcel -- |
| Información miscelánea |
1959-1960 -- |
| Título |
La vida -- |
| -- |
Anexos -- |
| -- |
Glosario -- |
| -- |
Índice de fotos y foto-collages -- |
| -- |
La ciudad de Minerva y Manolo / |
| 590 ## - NOTA LOCAL (RLIN) |
| Nota local |
Inventariado, 2019/ YL |
| 700 1# - PUNTO DE ACCESO ADICIONAL--NOMBRE DE PERSONA |
| Nombre de persona |
Bachelet Jeria, Michelle |
| Término indicativo de función/relación |
prest. |
| 9 (RLIN) |
72948 |